000 00882cad a22002055a 4500
001 L156886
008 120727s2012 xxk f 000 0 eng d
035 _a(Sirsi) u156886
041 0 _aeng
110 2 _aSavills
_92020
245 0 0 _aMarket report
_bGermany residential portfolio market
_h[electronic resource]
260 _aBerlin
_bSavills
_c2012
490 0 _aSavills Research Germany Market Report Germany Residential Portfolio Market
_b1 H 2012
520 _aLooks at residential investment trends in Germany. Notes a 75% increase in transactions compared with the same period in 2011 with Berlin the top location for residential investment.
590 _aKA
651 4 _aGermany
690 _aResidential property
_96266
856 4 0 _uhttps://www.savills.co.uk/research/european-research.aspx
_zView the report after free registration at www.savills.co.uk
942 _n0
999 _c114472
_d114472